Química /

Guardado en:
Autor Principal: Abadía, Florencia Dalila
Formato: Libro
Publicado: Villa Martelli : Logikamente, 2010
Materias:
Etiquetas: Agregar Etiqueta
Sin Etiquetas, Sea el primero en etiquetar este registro!
LEADER 00966nam a22002175a 4500
001 CEM.cems017455
005 20110919154458.0
008 130507s2010##################000#0#####d
003 CEMS
020 |a 9789872196596 
082 0 4 |a 540 
100 1 |a Abadía, Florencia Dalila 
245 1 0 |a Química /  |c Florencia Dalila Abadía E Isabel Barrios 
260 |a Villa Martelli :  |b Logikamente,  |c 2010 
300 |a 136 p. 
500 |a Incluye ejercitación al ienal de cada capítulo en color celeste 
505 0 |a Sistemas materiales -- Propiedades de la materia -- Cambios de estado -- Estructura del átomo -- Soluciones químicas -- Tabla periódica de los elementos -- Propiedades de la tabla periódica -- Configuración electrónica -- Formación de óxidos, ácidos, oxácidos, hidróxidos y sales -- El agua y sus propiedades 
653 |a Química 
653 |a Soluciones 
653 |a Tabla periódica 
859 |a CEMS  |b BIB. CEMS - Agricultura  |h 540  |i Ab14  |p A1208.10  |t Ej.1